[Event "WCh w Blitz Final"]
[Site "Moscow RUS"]
[Date "2010.09.17"]
[Round "10"]
[White "Kosintseva,T"]
[Black "Gaponenko,I"]
[Result "1-0"]
[WhiteElo "2573"]
[BlackElo "2469"]
[EventDate "2010.09.17"]

1. e4 c5 2. Nf3 d6 3. d4 cxd4 4. Nxd4 Nf6 5. Nc3 g6 6. Be3 Bg7 7. f3 Nc6 8.
Qd2 O-O 9. O-O-O d5 10. exd5 Nxd5 11. Nxc6 bxc6 12. Bd4 Nxc3 13. Qxc3 Bh6+
14. Be3 Bxe3+ 15. Qxe3 Qb6 16. Qxe7 Be6 17. Qa3 Rad8 18. Bd3 Rd5 19. b3
Rfd8 20. Qb2 Bf5 21. Rhe1 Qb8 22. g3 Bxd3 23. Rxd3 Rxd3 24. cxd3 Rxd3 25.
f4 c5 26. Qe2 c4 27. Qe8+ Qxe8 28. Rxe8+ Kg7 29. Kc2 Rf3 30. bxc4 Rf2+ 31.
Kb3 Rxh2 32. c5 Rh1 33. Re2 Rb1+ 34. Kc4 Rc1+ 35. Kd5 Kf6 36. c6 Kf5 37.
Re5+ Kg4 38. Re4 Kxg3 39. Rc4 Rd1+ 40. Ke5 Rd8 41. c7 Rc8 42. Kd6 h5 43.
Kd7 Rxc7+ 44. Kxc7 h4 45. Kb7 h3 46. Kxa7 h2 47. Rc1 Kxf4 48. a4 g5 49. Rh1
Kg3 50. a5 Kg2 51. Ra1 g4 52. a6 g3 53. Kb8 h1=Q 54. Rxh1 Kxh1 55. a7 g2
56. a8=Q Kh2 57. Qa2 f5 58. Qf2 Kh1 59. Qf3 Kh2 60. Qh5+ Kg3 61. Qg5+ Kh2
62. Qh4+ Kg1 63. Kc7 Kf1 64. Qf4+ Ke2 65. Qg3 Kf1 66. Qf3+ Kg1 67. Kd6 Kh2
68. Qf2 Kh1 69. Qh4+ Kg1 70. Ke5 Kf1 71. Qf4+ Ke2 72. Qg3 Kf1 73. Qf3+ Kg1
74. Kf4 Kh2 75. Qh5+ Kg1 76. Kf3 f4 77. Qh3 1-0

[Event "WCh w Blitz Final"]
[Site "Moscow RUS"]
[Date "2010.09.17"]
[Round "10"]
[White "Stefanova,A"]
[Black "Skripchenko,A"]
[Result "1-0"]
[WhiteElo "2551"]
[BlackElo "2464"]
[EventDate "2010.09.17"]

1. Nf3 d6 2. g3 g6 3. Bg2 Bg7 4. O-O e5 5. d3 f5 6. c4 Nf6 7. Nc3 O-O 8.
Rb1 a5 9. a3 Nc6 10. b4 axb4 11. axb4 h6 12. b5 Ne7 13. Ne1 g5 14. e3 h5
15. d4 e4 16. f3 exf3 17. Nxf3 Nh7 18. e4 f4 19. gxf4 gxf4 20. h3 Ng6 21.
Kh2 Ng5 22. Ng1 h4 23. Qh5 Nh8 24. Nce2 Nhf7 25. Bxf4 Re8 26. Qxh4 Nxe4 27.
Qxd8 Nxd8 28. Rbd1 Bd7 29. Ng3 Nxg3 30. Bxg3 Ra4 31. c5 Be6 32. cxd6 cxd6
33. d5 Bd7 34. b6 Nf7 35. Nf3 Rb4 36. Bf2 Rb5 37. Nh4 Ne5 38. Bg1 Rb2 39.
Kh1 Ba4 40. Rc1 Bb5 41. Rfe1 Bd3 42. Rc7 Ba6 43. Bd4 Rd2 44. Bc3 Rd3 45.
Kh2 Rf8 46. Kh1 Rf2 47. Rg1 Kh7 48. Be4+ Kh6 49. Bxd3 Bxd3 50. Rcxg7 Be4+
51. Ng2 Rf3 52. Bxe5 dxe5 53. Kh2 Bf5 54. Rg3 Rf2 55. Re3 e4 56. Kg3 Rb2
57. Nh4 Bh7 58. Kf4 Rf2+ 59. Ke5 Rb2 60. Nf5+ Kh5 61. Rg7 Bg6 62. Ng3+ Kh6
63. Rxb7 Rb5 64. Rb8 1-0

[Event "WCh w Blitz Final"]
[Site "Moscow RUS"]
[Date "2010.09.17"]
[Round "11"]
[White "Krush,I"]
[Black "Kosintseva,N"]
[Result "1-0"]
[WhiteElo "2490"]
[BlackElo "2565"]
[EventDate "2010.09.17"]

1. d4 Nf6 2. c4 e6 3. Nc3 Bb4 4. Qc2 O-O 5. e4 d5 6. e5 Ne4 7. Bd3 c5 8.
Nge2 cxd4 9. Nxd4 Nd7 10. Bf4 Ndc5 11. O-O Bxc3 12. bxc3 Nxd3 13. Qxd3 b6
14. cxd5 Qxd5 15. Rfd1 Nc5 16. Qg3 Qe4 17. Nb5 Bb7 18. Nd6 Qg6 19. f3 Qxg3
20. hxg3 Bc6 21. c4 h6 22. g4 Nb7 23. Rd2 Nxd6 24. exd6 f6 25. a4 e5 26.
Be3 Rf7 27. a5 b5 28. cxb5 Bxb5 29. Rc1 a6 30. Rc7 Rd8 31. Bb6 Rdd7 32. Kf2
g6 33. Ke3 Kg7 34. Ke4 Ba4 35. Kd5 Bb3+ 36. Kc6 Ba4+ 37. Kb7 Bb5 38. Rd5
Bf1 39. Kc8 Bb5 40. Rxb5 Rxc7+ 41. dxc7 axb5 42. Bc5 1-0

[Event "WCh w Blitz Final"]
[Site "Moscow RUS"]
[Date "2010.09.17"]
[Round "11"]
[White "Skripchenko,A"]
[Black "Paikidze,N"]
[Result "1-0"]
[WhiteElo "2464"]
[BlackElo "2376"]
[EventDate "2010.09.17"]

1. e4 c6 2. d3 d5 3. Nd2 e5 4. Ngf3 Bd6 5. d4 exd4 6. exd5 cxd5 7. Nxd4 Nf6
8. N2f3 O-O 9. Be2 a6 10. O-O h6 11. h3 Qc7 12. Be3 Nc6 13. Nb3 Bf5 14. c3
Rad8 15. Bc5 Rfe8 16. Bxd6 Qxd6 17. Nbd4 Be4 18. Re1 Nxd4 19. Nxd4 Qf4 20.
Bf1 Bg6 21. f3 Rxe1 22. Qxe1 Re8 23. Qf2 Qe5 24. Rd1 Nh5 25. Ne2 Nf6 26.
Qd4 Qc7 27. Nf4 Bc2 28. Rd2 Bf5 29. Nxd5 Nxd5 30. Qxd5 Be6 31. Qd6 Qxd6 32.
Rxd6 Bxa2 33. Rd7 Rb8 34. Bd3 Be6 35. Rc7 Kf8 36. Be4 b5 37. Ra7 Rb6 38. b4
f5 39. Bb7 Rd6 40. Rxa6 Rd1+ 41. Kf2 Bc4 42. f4 Rd2+ 43. Ke1 Rc2 44. Ra3
Ke7 45. Bf3 Rc1+ 46. Kd2 Rf1 47. Ra7+ Kf6 48. Ra6+ Kf7 49. Ke3 Re1+ 50. Kd4
Rc1 51. Ra3 Kf6 52. Ra6+ Ke7 53. Rb6 Bf1 54. Bd5 Rc2 55. Ke5 Rxc3 56. Rb7+
Kf8 57. Kxf5 Bd3+ 58. Ke5 Bg6 59. f5 Be8 60. Rb8 Rc7 61. Be6 Ke7 62. Ra8
Bc6 63. Rb8 Bxg2 64. Rxb5 Bxh3 65. Rb8 Bf1 66. Rg8 Rc1 67. Rxg7+ Kf8 68.
Rf7+ Ke8 69. Rb7 Rb1 70. Kf6 Kd8 71. Kg6 Bg2 72. Rb6 Kc7 73. Rb5 Kc6 74.
Rc5+ Kd6 75. Rc4 Bf1 76. Rh4 Bb5 77. Kxh6 Ke7 78. Kg5 Rg1+ 79. Rg4 Rf1 80.
Bd5 Bd7 81. Rf4 Rg1+ 82. Rg4 Rd1 83. Bc4 Re1 84. f6+ Kf8 85. Rd4 Be8 86.
Rd8 Re4 87. f7 Kg7 88. fxe8=Q 1-0

[Event "WCh w Blitz Final"]
[Site "Moscow RUS"]
[Date "2010.09.17"]
[Round "11"]
[White "Gaponenko,I"]
[Black "Koneru,H"]
[Result "1-0"]
[WhiteElo "2469"]
[BlackElo "2593"]
[EventDate "2010.09.17"]

1. e4 c5 2. c3 d5 3. exd5 Qxd5 4. d4 Nf6 5. Nf3 e6 6. Be2 Be7 7. O-O cxd4
8. cxd4 O-O 9. Nc3 Qd8 10. Bf4 Nc6 11. Rc1 b6 12. Bd3 Bb7 13. Re1 Rc8 14.
Bb1 Nb4 15. a3 Nbd5 16. Be5 Nxc3 17. Rxc3 Rxc3 18. bxc3 Bxa3 19. Qa4 Be7
20. Qxa7 Bxf3 21. gxf3 Bd6 22. Qa6 Bxe5 23. Rxe5 Nd5 24. Qd3 g6 25. c4 Nf4
26. Qe4 Qh4 27. d5 f6 28. Rxe6 Qg5+ 29. Kf1 Qg2+ 30. Ke1 Qg1+ 31. Kd2 Qxf2+
32. Kc3 Nxe6 33. Qxe6+ Kg7 34. Be4 Qxh2 35. Qxb6 Qe5+ 36. Kd2 Rb8 37. Qa7+
Kh6 38. Qe3+ Kg7 39. Qa7+ Kg8 40. Qd7 Rb2+ 41. Bc2 Qd4+ 42. Kc1 Rb8 43.
Qe6+ Kg7 44. d6 Qa1+ 45. Kd2 Qd4+ 46. Kc1 Kh6 47. Qh3+ Kg7 48. Qe6 Rf8 49.
d7 Kh6 50. Qh3+ Kg7 51. Qe6 h5 52. Qe7+ Kg8 53. c5 Qf4+ 54. Kd1 Qd4+ 55.
Ke2 Qc4+ 56. Kd2 Qd4+ 57. Bd3 Qb2+ 58. Ke3 Qc1+ 59. Ke2 Qb2+ 60. Kf1 Qc1+
61. Kf2 Qd2+ 62. Be2 Qd4+ 63. Kf1 Ra8 64. Qe8+ Rxe8 65. dxe8=Q+ Kg7 66. c6
h4 67. Qd7+ 1-0

[Event "WCh w Blitz Final"]
[Site "Moscow RUS"]
[Date "2010.09.17"]
[Round "11"]
[White "Nebolsina,V"]
[Black "Zhukova,N"]
[Result "0-1"]
[WhiteElo "2360"]
[BlackElo "2499"]
[EventDate "2010.09.17"]

1. d4 d5 2. c4 e6 3. Nc3 c5 4. cxd5 exd5 5. Nf3 Nc6 6. g3 c4 7. Bg2 Bb4 8.
O-O Nge7 9. Bd2 O-O 10. b3 cxb3 11. Qxb3 Bg4 12. e3 b6 13. Rfc1 Rc8 14. a3
Ba5 15. h3 Be6 16. Bf1 Qd7 17. Kh2 Bf5 18. Nh4 Be4 19. Nxe4 dxe4 20. Bxa5
Nxa5 21. Qb5 Qxb5 22. Bxb5 Nb3 23. Rxc8 Rxc8 24. Rb1 Na5 25. Rb2 g5 26. Ng2
Rc3 27. a4 Nc4 28. Rb4 Nd2 29. Be2 Rc1 30. d5 Nf3+ 31. Bxf3 exf3 32. d6
fxg2 33. Kxg2 Nc6 34. d7 Kg7 35. Rd4 Nd8 36. Re4 Rd1 37. Re7 Kf6 38. Re8
Rxd7 39. e4 Ne6 40. Ra8 Nc5 41. f4 gxf4 42. gxf4 Nxe4 43. Kf3 Nc5 44. Rh8
Nxa4 45. Rxh7 Nc5 46. Rh6+ Ke7 47. h4 b5 48. h5 b4 49. Rc6 Ne6 50. h6 Nd4+
0-1

[Event "WCh w Blitz Final"]
[Site "Moscow RUS"]
[Date "2010.09.17"]
[Round "11"]
[White "Sebag,M"]
[Black "Gunina,V"]
[Result "1-0"]
[WhiteElo "2499"]
[BlackElo "2465"]
[EventDate "2010.09.17"]

1. e4 c6 2. d4 d5 3. e5 Bf5 4. Nf3 e6 5. Be2 Nd7 6. O-O Ne7 7. Nbd2 Nc8 8.
Nb3 Be7 9. a4 a6 10. a5 Na7 11. c4 dxc4 12. Bxc4 O-O 13. Be3 Nb5 14. Be2
Rc8 15. Rc1 Be4 16. Nfd2 Bd5 17. Nc4 Bb4 18. Bd2 Bxd2 19. Qxd2 c5 20. dxc5
Nxc5 21. Nxc5 Rxc5 22. Nb6 Rxc1 23. Rxc1 Bc6 24. Rd1 Qh4 25. h3 Qe4 26. Bf3
Qxe5 27. Bxc6 bxc6 28. Nd7 Qd5 29. Nxf8 Kxf8 30. Qb4+ c5 31. Rxd5 cxb4 32.
Rxb5 1-0

[Event "WCh w Blitz Final"]
[Site "Moscow RUS"]
[Date "2010.09.17"]
[Round "11"]
[White "Muzychuk,M"]
[Black "Lahno,Kateri"]
[Result "0-1"]
[WhiteElo "2464"]
[BlackElo "2539"]
[EventDate "2010.09.17"]

1. e4 e5 2. Nf3 Nc6 3. d4 exd4 4. Nxd4 Bc5 5. Be3 Qf6 6. c3 Nge7 7. g3 d5
8. Bg2 dxe4 9. O-O O-O 10. Nd2 Bb6 11. Nxe4 Qg6 12. Nxc6 Nxc6 13. Bxb6 axb6
14. Re1 Be6 15. a3 Rad8 16. Qe2 Bg4 17. Qb5 h6 18. h3 Bf5 19. Re3 Rfe8 20.
Rae1 Re5 21. Qc4 Rde8 22. Qe2 R5e7 23. f4 h5 24. b4 Kh8 25. Bf3 Bxe4 26.
Bxe4 f5 27. Qf2 Rxe4 28. Rxe4 Rxe4 29. Rd1 h4 30. g4 fxg4 31. Qxh4+ Kg8 32.
hxg4 Rxf4 33. Qe1 Rxg4+ 0-1

[Event "WCh w Blitz Final"]
[Site "Moscow RUS"]
[Date "2010.09.17"]
[Round "12"]
[White "Kosintseva,N"]
[Black "Lahno,Kateri"]
[Result "0-1"]
[WhiteElo "2565"]
[BlackElo "2539"]
[EventDate "2010.09.17"]

1. e4 e5 2. Nf3 Nc6 3. Bb5 a6 4. Ba4 d6 5. Bxc6+ bxc6 6. d4 exd4 7. Nxd4
Bd7 8. O-O Nf6 9. c4 Be7 10. Nc3 O-O 11. b3 Re8 12. Re1 Bf8 13. Bg5 h6 14.
Bh4 Be7 15. Bg3 c5 16. Nc2 a5 17. Ne3 Bf8 18. Qc2 Bc6 19. Ned5 Nh5 20. Rad1
Qd7 21. Qd3 Nxg3 22. Qxg3 Re6 23. f4 Kh8 24. a4 Rae8 25. Qf2 Bxd5 26. Rxd5
R6e7 27. f5 Re5 28. Red1 Rxd5 29. Rxd5 Be7 30. e5 Qc8 31. f6 gxf6 32. exf6
Bf8 33. Qf5 Qxf5 34. Rxf5 c6 35. Kf2 Kh7 36. g4 Kg6 37. h4 h5 38. Rxh5 Kxf6
39. Rf5+ Kg7 40. g5 Rb8 41. h5 Rxb3 42. Ne4 Be7 43. Ke2 Rh3 44. Rf3 Rxh5
45. Rd3 Rh2+ 46. Kf3 Rh3+ 47. Ke2 Rxd3 48. Kxd3 Kg6 0-1

[Event "WCh w Blitz Final"]
[Site "Moscow RUS"]
[Date "2010.09.17"]
[Round "12"]
[White "Gunina,V"]
[Black "Muzychuk,M"]
[Result "1-0"]
[WhiteElo "2465"]
[BlackElo "2464"]
[EventDate "2010.09.17"]

1. d4 f5 2. Nf3 Nf6 3. g3 g6 4. Bg2 Bg7 5. O-O O-O 6. c4 d6 7. Nc3 e6 8.
Re1 Ne4 9. Qb3 Nxc3 10. bxc3 e5 11. c5+ Kh8 12. cxd6 cxd6 13. dxe5 dxe5 14.
Ba3 Re8 15. Rad1 Qf6 16. Rd6 Be6 17. Qxb7 Nd7 18. Rxd7 Rab8 19. Rxg7 Rxb7
20. Rxb7 Bxa2 21. Rxa7 Bd5 22. Bb4 Ra8 23. Rxa8+ Bxa8 24. Ra1 Bd5 25. Ra5
Be4 26. Nxe5 Bxg2 27. Kxg2 Qe6 28. f3 Kg7 29. Bc5 Kf6 30. Bd4 Ke7 31. Ra7+
Kd8 32. Rxh7 g5 33. h4 gxh4 34. Rxh4 Ke7 35. c4 Qd6 36. c5 Qd5 37. c6 Qb5
38. Kf2 Kd6 39. Rh6+ Kd5 40. c7 Qc4 41. Nxc4 1-0

[Event "WCh w Blitz Final"]
[Site "Moscow RUS"]
[Date "2010.09.17"]
[Round "12"]
[White "Kosintseva,T"]
[Black "Nebolsina,V"]
[Result "1-0"]
[WhiteElo "2573"]
[BlackElo "2360"]
[EventDate "2010.09.17"]

1. e4 e5 2. Nf3 Nf6 3. d4 Nxe4 4. dxe5 d5 5. Nbd2 Nc5 6. Nb3 Ne6 7. Be3 Be7
8. c3 O-O 9. Qc2 c6 10. Bd3 g6 11. h4 Ng7 12. O-O-O f6 13. exf6 Bxf6 14.
Ng5 Bf5 15. Bxf5 gxf5 16. f4 Nd7 17. g4 Qe8 18. Rde1 Bxg5 19. hxg5 Qe4 20.
Qh2 fxg4 21. Bd2 Qg6 22. Qg2 Rae8 23. Qxg4 Nf6 24. Qg2 Ne4 25. Rh6 Qf5 26.
Nd4 Qf7 27. g6 hxg6 28. Reh1 Qf6 29. Rxg6 Qe7 30. Ne6 Rf7 31. Be3 Qd7 32.
Qh2 1-0

[Event "WCh w Blitz Final"]
[Site "Moscow RUS"]
[Date "2010.09.17"]
[Round "12"]
[White "Stefanova,A"]
[Black "Gaponenko,I"]
[Result "1-0"]
[WhiteElo "2551"]
[BlackElo "2469"]
[EventDate "2010.09.17"]

1. d4 d5 2. c4 c6 3. cxd5 cxd5 4. Nc3 Nf6 5. Bf4 Nc6 6. e3 e6 7. Rc1 Be7 8.
Bd3 O-O 9. h3 Bd7 10. Nf3 Qa5 11. O-O Rfc8 12. a3 Be8 13. Nd2 Qd8 14. Nb3
h6 15. Bh2 Bd6 16. f4 Ne7 17. g4 Nd7 18. Nd2 Nb6 19. Qe2 a6 20. f5 exf5 21.
gxf5 Bxh2+ 22. Qxh2 Nd7 23. f6 Nxf6 24. Rxf6 gxf6 25. Qf4 Qc7 26. Qxh6 Ng6
27. Kh1 Qd6 28. Rg1 Rc7 29. Nf3 Rac8 30. Nh4 b5 31. Nxg6 fxg6 32. Bxg6 Bxg6
33. Rxg6+ Kf7 34. Qh5 Ke7 35. Rg7+ Kf8 36. Qh8+ 1-0

[Event "WCh w Blitz Final"]
[Site "Moscow RUS"]
[Date "2010.09.17"]
[Round "12"]
[White "Paikidze,N"]
[Black "Muzychuk,A"]
[Result "0-1"]
[WhiteElo "2376"]
[BlackElo "2535"]
[EventDate "2010.09.17"]

1. d4 f5 2. g3 Nf6 3. Bg2 g6 4. c4 Bg7 5. Nc3 O-O 6. Nf3 d6 7. O-O e6 8.
Re1 Ne4 9. Nxe4 fxe4 10. Nd2 Bxd4 11. Nxe4 Bg7 12. Bg5 Qe8 13. Qd2 Nc6 14.
Nc3 Bd7 15. e4 Ne5 16. Qe2 a6 17. Rac1 b5 18. cxb5 axb5 19. a3 Nc4 20. Red1
Rb8 21. Rc2 Nxb2 22. Rxb2 Bxc3 23. Rc2 Ba5 24. Bh6 Rf7 25. Qd3 Qe7 26. Rb1
Bb6 27. Be3 Bxe3 28. Qxe3 c6 29. a4 Rff8 30. axb5 cxb5 31. Rc7 Rfc8 32. Qc3
Qd8 33. Rxc8 Rxc8 34. Qd4 Qe7 35. Bf1 Rb8 36. Rb4 Bc6 37. Qb2 Qg5 38. h4
Qc5 39. Bd3 Rf8 40. Qd2 Rf3 41. Rb2 Rxg3+ 42. Kh2 Rg4 43. Rc2 Qe5+ 44. Kh3
Qh5 0-1

[Event "WCh w Blitz Final"]
[Site "Moscow RUS"]
[Date "2010.09.17"]
[Round "12"]
[White "Krush,I"]
[Black "Skripchenko,A"]
[Result "0-1"]
[WhiteElo "2490"]
[BlackElo "2464"]
[EventDate "2010.09.17"]

1. d4 d6 2. e4 Nf6 3. Nc3 g6 4. f4 Bg7 5. Nf3 O-O 6. e5 dxe5 7. fxe5 Nd5 8.
Bc4 Nb6 9. Be2 Nc6 10. O-O f6 11. exf6 exf6 12. Be3 Ne7 13. Bf2 c6 14. Ne4
Be6 15. Nc5 Bc8 16. c3 Kh8 17. a4 Nbd5 18. Nd2 b6 19. Nd3 Bf5 20. Nc4 Bh6
21. Bf3 Qd7 22. Re1 Rae8 23. g4 Be6 24. h3 Nxc3 25. Nxb6 axb6 26. bxc3 Nd5
27. Qc2 Bf7 28. Rxe8 Rxe8 29. Re1 Rxe1+ 30. Bxe1 Qe7 31. Qe2 Qd6 32. Bd2
Bxd2 33. Qxd2 Kg7 34. Kg2 Qa3 35. c4 Qxd3 36. Qxd3 Nf4+ 37. Kg3 Nxd3 38.
Bxc6 Bxc4 39. Kf3 Nb4 40. Bb7 Bd5+ 41. Bxd5 Nxd5 42. Ke4 Nc3+ 43. Kd3 Nxa4
44. Kc4 Kf7 45. Kb3 b5 0-1

[Event "WCh w Blitz Final"]
[Site "Moscow RUS"]
[Date "2010.09.17"]
[Round "13"]
[White "Skripchenko,A"]
[Black "Kosintseva,N"]
[Result "0-1"]
[WhiteElo "2464"]
[BlackElo "2565"]
[EventDate "2010.09.17"]

1. e4 c5 2. Nf3 Nc6 3. Bb5 g6 4. O-O Bg7 5. c3 Nf6 6. e5 Nd5 7. d4 cxd4 8.
cxd4 O-O 9. Nc3 Nc7 10. h3 Nxb5 11. Nxb5 a6 12. Nc3 d6 13. Re1 dxe5 14. d5
Nd4 15. Nxe5 Nf5 16. Bf4 Nd6 17. Rc1 Qb6 18. Qe2 Re8 19. b3 Bf5 20. Na4 Qb5
21. Rcd1 Rac8 22. Qxb5 axb5 23. Nb6 Rc2 24. Nf3 Nc8 25. Nxc8 Rcxc8 26. Nd4
Bd7 27. Rd2 Rc5 28. Red1 Rxd5 29. Nf3 Rxd2 30. Rxd2 Bc6 31. Ne5 f6 32. Nxc6
bxc6 33. Bc7 Rc8 34. Bb6 Kf7 35. b4 Ke8 36. Bc5 Bf8 37. f4 Rc7 38. Re2 Rd7
39. Kf2 Rd3 40. Rc2 Kd7 41. Re2 Rd5 42. g4 f5 43. gxf5 Rxf5 44. Kg3 e5 45.
fxe5 Bxc5 46. bxc5 Ke6 47. Rd2 Kxe5 48. Rd6 Rf6 49. Rd7 h5 50. h4 Re6 51.
a3 Kf6 52. Rc7 Ke5 53. Rd7 Rf6 54. Kg2 Ke4 55. Kg3 Rf3+ 56. Kg2 Rxa3 57.
Rd6 b4 58. Rxc6 Kd5 59. Rc8 b3 60. c6 Kd6 61. Kf2 Ra4 62. Rb8 Kxc6 63. Rxb3
Rxh4 64. Rg3 Rf4+ 65. Ke3 Rf6 66. Ke4 Kd6 67. Rd3+ Ke6 68. Ra3 Rf1 69. Ra6+
Kf7 70. Ra7+ Kf6 71. Ra6+ Kg7 72. Ke3 h4 73. Ke2 Rf5 74. Ke3 Kh6 75. Ra8
Rf7 76. Ra5 g5 77. Ke2 Kh5 78. Re5 h3 79. Re8 g4 80. Rh8+ Kg5 81. Ke1 Rf3
82. Ke2 Kf4 0-1

[Event "WCh w Blitz Final"]
[Site "Moscow RUS"]
[Date "2010.09.17"]
[Round "13"]
[White "Muzychuk,A"]
[Black "Krush,I"]
[Result "0-1"]
[WhiteElo "2535"]
[BlackElo "2490"]
[EventDate "2010.09.17"]

1. e4 c5 2. Nf3 e6 3. d3 Nc6 4. g3 g6 5. Bg5 Qb6 6. Nbd2 Bg7 7. Nc4 Qc7 8.
e5 Nxe5 9. Ncxe5 Bxe5 10. Nxe5 Qxe5+ 11. Be3 Nf6 12. Bg2 Nd5 13. d4 Nxe3
14. dxe5 Nxd1 15. Rxd1 Rb8 16. h4 h5 17. Ke2 b6 18. Rd3 Bb7 19. Bxb7 Rxb7
20. Rhd1 Ke7 21. Ke3 Rf8 22. c4 f6 23. exf6+ Rxf6 24. f4 Rf8 25. a4 d6 26.
Ke4 a6 0-1

[Event "WCh w Blitz Final"]
[Site "Moscow RUS"]
[Date "2010.09.17"]
[Round "13"]
[White "Gaponenko,I"]
[Black "Paikidze,N"]
[Result "1-0"]
[WhiteElo "2469"]
[BlackElo "2376"]
[EventDate "2010.09.17"]

1. e4 c5 2. c3 d5 3. exd5 Qxd5 4. d4 Nf6 5. Nf3 e6 6. Be2 Be7 7. O-O O-O 8.
c4 Qd8 9. Nc3 cxd4 10. Nxd4 Nbd7 11. Ndb5 a6 12. Nd6 Qc7 13. Nxc8 Raxc8 14.
h3 Rfd8 15. Qc2 Ne5 16. Bf4 Nf3+ 17. Bxf3 Qxf4 18. Bxb7 Rxc4 19. Bxa6 Rc5
20. Rad1 Ra8 21. Qe2 Rg5 22. Bc4 Bb4 23. Bb3 h5 24. Rd3 h4 25. Rf3 Qc7 26.
Ne4 Nxe4 27. Qxe4 Be7 28. Qxa8+ 1-0

[Event "WCh w Blitz Final"]
[Site "Moscow RUS"]
[Date "2010.09.17"]
[Round "13"]
[White "Sebag,M"]
[Black "Kosintseva,T"]
[Result "1-0"]
[WhiteElo "2499"]
[BlackElo "2573"]
[EventDate "2010.09.17"]

1. e4 e5 2. Nf3 Nc6 3. Bb5 a6 4. Ba4 Nf6 5. O-O Be7 6. Re1 b5 7. Bb3 d6 8.
c3 O-O 9. h3 Nb8 10. d4 Nbd7 11. Nbd2 Bb7 12. Bc2 Re8 13. a4 Bf8 14. Bd3 c6
15. b4 Nb6 16. axb5 axb5 17. Rxa8 Bxa8 18. Qb3 Nfd7 19. Bb2 Bb7 20. dxe5
Nxe5 21. Nxe5 dxe5 22. c4 Bxb4 23. Rd1 Na4 24. Nf3 Nxb2 25. Qxb2 Qa5 26.
cxb5 c5 27. Bc4 Qa3 28. Qxa3 Bxa3 29. Rd7 Rb8 30. Nxe5 Bxe4 31. Nc6 Ra8 32.
Rxf7 Kh8 33. Rc7 Bb2 34. b6 Bxc6 35. Rxc6 h6 36. b7 Ra1+ 37. Kh2 Be5+ 38.
g3 Rb1 39. Rc8+ Kh7 40. Bd3+ g6 41. Bxb1 1-0

[Event "WCh w Blitz Final"]
[Site "Moscow RUS"]
[Date "2010.09.17"]
[Round "13"]
[White "Muzychuk,M"]
[Black "Zhukova,N"]
[Result "1-0"]
[WhiteElo "2464"]
[BlackElo "2499"]
[EventDate "2010.09.17"]

1. e4 Nf6 2. e5 Nd5 3. c4 Nb6 4. a4 a5 5. d4 d6 6. exd6 exd6 7. Nc3 Be7 8.
Nf3 O-O 9. Be2 Bg4 10. O-O Nc6 11. b3 Bf6 12. Be3 d5 13. c5 Nc8 14. h3 Bxf3
15. Bxf3 N8e7 16. g4 g6 17. Kg2 Nb4 18. Qd2 Nec6 19. Rh1 Bh4 20. Bh6 Re8
21. g5 f6 22. gxf6 Bxf6 23. Nb5 Bh4 24. Rae1 Ne7 25. Bg4 Bf6 26. Qf4 Nec6
27. Rxe8+ Qxe8 28. Qxf6 Qf7 29. Be6 1-0

[Event "WCh w Blitz Final"]
[Site "Moscow RUS"]
[Date "2010.09.17"]
[Round "13"]
[White "Lahno,Kateri"]
[Black "Gunina,V"]
[Result "1-0"]
[WhiteElo "2539"]
[BlackElo "2465"]
[EventDate "2010.09.17"]

1. e4 c6 2. c4 d5 3. exd5 cxd5 4. cxd5 Nf6 5. Nc3 g6 6. Bc4 Bg7 7. Nf3 O-O
8. O-O Nbd7 9. d3 Nb6 10. Qb3 Bf5 11. Bf4 Rc8 12. h3 Ne8 13. Nb5 a6 14.
Nbd4 Bd7 15. a4 Nd6 16. Bxd6 exd6 17. a5 Nxc4 18. dxc4 Qc7 19. Rfc1 Rfe8
20. Qd3 Qc5 21. Rc2 Qb4 22. Ra3 Rc7 23. Qc3 Qxc3 24. Raxc3 Re4 25. Rd3 Bf6
26. b3 Kg7 27. Re2 Rxe2 28. Nxe2 Rc5 29. Nd2 Rxa5 30. f3 Ra1+ 31. Kf2 a5
32. g4 b5 33. Ne4 Be7 34. c5 f5 35. Nxd6 Bxd6 36. cxd6 Kf6 37. Re3 Rd1 38.
Re7 Rxd5 39. Rxd7 a4 40. bxa4 bxa4 41. Ra7 Rxd6 42. Rxa4 Kg5 43. Kg3 Rb6
44. h4+ Kf6 45. g5+ Ke6 46. Ra7 Rb2 47. Nf4+ Ke5 48. Rxh7 Rb1 49. Nxg6+ Ke6
50. Re7+ Kd6 51. Re2 Rg1+ 52. Kf4 Rb1 53. Kxf5 Rb5+ 54. Kf6 Rb3 55. f4 Rf3
56. f5 1-0

[Event "WCh w Blitz Final"]
[Site "Moscow RUS"]
[Date "2010.09.17"]
[Round "14"]
[White "Kosintseva,N"]
[Black "Gunina,V"]
[Result "0-1"]
[WhiteElo "2565"]
[BlackElo "2465"]
[EventDate "2010.09.17"]

1. e4 c6 2. d4 d5 3. exd5 cxd5 4. c4 Nf6 5. Nc3 g6 6. cxd5 Nxd5 7. Qb3 Nb6
8. Nf3 Bg7 9. Bb5+ Bd7 10. O-O O-O 11. Be3 Be6 12. Qc2 Bf5 13. Qe2 a6 14.
Bd3 Bxd3 15. Qxd3 Nc6 16. a3 Nd5 17. Rfd1 Rc8 18. Rac1 Na5 19. Ne4 b5 20.
Rc5 Nc4 21. Bc1 e6 22. b3 Nd6 23. Rxc8 Nxc8 24. Ne5 Nce7 25. Nc5 Nc7 26.
Ned7 Re8 27. Bg5 Ncd5 28. h3 h6 29. Bc1 Nc6 30. Bb2 Qc7 31. Qe4 Rd8 32.
Nxe6 Qxd7 33. Nxd8 Nxd8 34. Rc1 Ne6 35. b4 Kh7 36. g3 Qd6 37. Kg2 f5 38.
Qf3 Ng5 39. Qd3 f4 40. h4 Ne6 41. Re1 fxg3 42. Qxg3 Nef4+ 43. Kh1 Qc6 44.
Qf3 Qc2 45. Re2 Qxe2 0-1

[Event "WCh w Blitz Final"]
[Site "Moscow RUS"]
[Date "2010.09.17"]
[Round "14"]
[White "Zhukova,N"]
[Black "Lahno,Kateri"]
[Result "0-1"]
[WhiteElo "2499"]
[BlackElo "2539"]
[EventDate "2010.09.17"]

1. d4 Nf6 2. c4 g6 3. Nc3 Bg7 4. e4 d6 5. Nf3 O-O 6. h3 e5 7. d5 Nh5 8. g3
a5 9. Be2 Na6 10. Nh2 Nf6 11. Ng4 Nc5 12. Bg5 Bd7 13. Qd2 Nfxe4 14. Nxe4
Nxe4 15. Bxd8 Nxd2 16. Bxc7 Rfc8 17. Bxd6 Nxc4 18. Bxc4 Rxc4 19. Ne3 Rcc8
20. Ke2 e4 21. a4 Bxb2 22. Rab1 Bg7 23. Rxb7 Bxa4 24. Be7 Be8 25. Ng4 Ra6
26. Rhb1 a4 27. Rb8 Ra8 28. Rxa8 Rxa8 29. Nf6+ Bxf6 30. Bxf6 a3 31. Ke3 a2
32. Ra1 Ra6 33. Bd4 f5 34. f3 exf3 35. Kxf3 Bf7 36. Kf4 Bxd5 37. Kg5 Be4
38. Rc1 Bb1 39. Ba1 Kf7 40. Rc7+ Ke6 41. Rxh7 Kd5 42. h4 Ke4 43. Rg7 Kf3
44. Rxg6 Rxg6+ 45. Kxg6 f4+ 46. Kg5 fxg3 0-1

[Event "WCh w Blitz Final"]
[Site "Moscow RUS"]
[Date "2010.09.17"]
[Round "14"]
[White "Kosintseva,T"]
[Black "Muzychuk,M"]
[Result "1-0"]
[WhiteElo "2573"]
[BlackElo "2464"]
[EventDate "2010.09.17"]

1. e4 c5 2. Nf3 Nc6 3. Bb5 Nf6 4. Nc3 Qc7 5. d3 a6 6. Bxc6 Qxc6 7. O-O g6
8. e5 Nd5 9. Nxd5 Qxd5 10. c4 Qc6 11. d4 cxd4 12. Qxd4 Bg7 13. Qh4 h6 14.
Re1 b6 15. Nd4 Qc7 16. Qg3 Bb7 17. b3 O-O 18. Nf5 Kh7 19. Nxg7 Kxg7 20. Qh4
Rh8 21. Qxe7 Qc6 22. f3 Rhe8 23. Qh4 g5 24. Qg3 f6 25. Bb2 Qc5+ 26. Kh1
fxe5 27. Bxe5+ Kh7 28. Rad1 d5 29. cxd5 Bxd5 30. Rc1 Qb4 31. Rc7+ Re7 32.
Rxe7+ Qxe7 33. Bd6 Qf6 34. h3 Rc8 35. Be5 Qf5 36. Bd4 Rc2 37. Re7+ Kg8 38.
Rg7+ Kf8 39. Qd6+ 1-0

[Event "WCh w Blitz Final"]
[Site "Moscow RUS"]
[Date "2010.09.17"]
[Round "14"]
[White "Krush,I"]
[Black "Gaponenko,I"]
[Result "1-0"]
[WhiteElo "2490"]
[BlackElo "2469"]
[EventDate "2010.09.17"]

1. d4 d5 2. c4 c6 3. Nf3 Nf6 4. Nc3 e6 5. Bg5 h6 6. Bh4 dxc4 7. e4 g5 8.
Bg3 b5 9. Be2 Bb7 10. h4 g4 11. Ne5 h5 12. O-O Nbd7 13. Qc2 Nxe5 14. Bxe5
Bh6 15. b3 cxb3 16. axb3 O-O 17. Rfd1 Qe7 18. Bg3 Rfd8 19. e5 Nd7 20. Ne4
c5 21. Nd6 Bc6 22. dxc5 a6 23. b4 Nf8 24. Bd3 f5 25. exf6 Qxf6 26. Be4 Bxe4
27. Qxe4 Bg7 28. c6 Ra7 29. Rac1 Rxd6 30. Bxd6 Ra8 31. c7 Rc8 32. Qb7 1-0

[Event "WCh w Blitz Final"]
[Site "Moscow RUS"]
[Date "2010.09.17"]
[Round "14"]
[White "Skripchenko,A"]
[Black "Muzychuk,A"]
[Result "1/2-1/2"]
[WhiteElo "2464"]
[BlackElo "2535"]
[EventDate "2010.09.17"]

1. e4 d5 2. exd5 Nf6 3. Nf3 Nxd5 4. d4 g6 5. h3 Bg7 6. Bc4 O-O 7. O-O Nb6
8. Bb3 c5 9. dxc5 Qxd1 10. Rxd1 N6d7 11. Nc3 Nxc5 12. Be3 Nxb3 13. axb3 Nc6
14. Nb5 Bxb2 15. Ra2 Bf6 16. Nxa7 Bf5 17. c4 Nxa7 18. Bxa7 Rfc8 19. Rdd2
Be4 20. Nd4 Rd8 21. Nb5 Bc6 22. Rxd8+ Rxd8 23. Be3 Rd3 24. Bh6 Rd8 25. Be3
Kg7 26. Na7 Be4 27. Nb5 Rd3 28. Ra3 Be5 29. f3 Rxe3 30. fxe4 Bg3 31. Ra1
Rxb3 32. Rc1 Re3 33. Nc3 e6 34. c5 h5 35. Na4 Rxe4 36. Nb6 h4 37. Kf1 f5
38. Nd7 g5 39. Rb1 g4 40. Nb6 Kg6 41. Nd7 Kg5 42. Nf8 f4 43. hxg4 Kxg4 44.
Nh7 Kf5 45. Nf8 e5 46. Nd7 Re3 47. Nb6 Kg4 48. Nd5 Rd3 49. Nf6+ Kf5 50. Nh5
e4 51. Nxg3+ hxg3 52. Rxb7 f3 53. Rf7+ Kg4 54. Rg7+ Kf4 55. gxf3 exf3 56.
Rf7+ Ke3 57. Re7+ Kd2 58. c6 Kc2 59. c7 Rc3 60. Rf7 f2 61. Kg2 Kb3 62. Rg7
Kb4 63. c8=Q Rxc8 64. Rxg3 Rf8 65. Kf1 Kc4 66. Rg2 Kd3 67. Rxf2 Rxf2+ 68.
Kxf2 1/2-1/2